SELÇUKLU DÖNEMİ MUTFAĞI (Record no. 794269)

MARC details
000 -LEADER
sabit uzunluktaki kontrol alanı 00266nam a2200097Ia 4500
001 - KONTROL NUMARASI
kontrol alanı 794269
005 - EN SON İŞLEMİN TARİH VE ZAMANI
kontrol alanı 20250826170705.0
008 - SABİT-UZUNLUKTA VERİ ÖĞELERİ--GENEL BİLGİ
sabit uzunluktaki kontrol alanı 250824s9999 xx 000 0 und d
245 #0 - ESER / YAZAR
ESER ADI SELÇUKLU DÖNEMİ MUTFAĞI
Yazar Adı NEVİN HALICI
260 ## - YAYIN, DAĞITIM, VB.
YAYIN EVİ SELÇUKLU BELEDİYESİ YAYINLARI
Holdings
Düşüm durumu Kayıp durumu Hasar Durumu Ödünç verilmez Ana kütüphane Geçerli Kütüphane Edinilen tarih Toplam ödünç verme sayısı Barkod Son görüntüleme tarihi Son ödünç verme tarihi Fiyatın geçerli olmaya başladığı tarih Koha materyal türü
        İSMAİL KAYA ANADOLU İMAM HATİP LİSESİ İSMAİL KAYA ANADOLU İMAM HATİP LİSESİ 24.08.2025 1 10503767 18.02.2026 12.02.2026 26.08.2025 Books